00422nam a22001097a 4500008004100000020001500041082001500056110003500071245014800106260004600254300001200300230717b xxu||||| |||| 00| 0 eng d a9211166284 a363.7bECE bEconomic Commission for Europe aStrategies and Policies for Air Pollution Abatementb1994 major review prepared under the convention on long-range Trans boundary Air pollution aNew York and GenevabUnited Nationsc1995 a138,xvi